| 000 | 00551nam a2200169 i 4500 | ||
|---|---|---|---|
| 001 | 80889 | ||
| 003 | ES-MaACL | ||
| 005 | 20230906174325.0 | ||
| 007 | t| | ||
| 008 | 041102s1947 ne ||||1| ger d | ||
| 100 | 1 |
_aHorkheimer, Max. _964197 |
|
| 245 | 1 | 0 |
_aDialektik der Aufklèarung _b: Philosophische Fragmente / _cMax Horkheimer und Theodor W. Adorno. |
| 260 |
_aAmsterdam : _bQuerido Verlag, _c1947 ( _fDruck Nijmegen ; G. J. Thieme) |
||
| 300 |
_a310 p. ; _c21 cm. |
||
| 700 | 1 |
_aAdorno, Theodor W. _918468 |
|
| 852 |
_aES-MaACL _jD-9068 _bR.30509 |
||
| 999 |
_c80889 _d80889 |
||